Nihon toshi jinkō bunpu ron /
Saved in:
| Main Author: | |
|---|---|
| Format: | Book |
| Language: | Japanese |
| Published: |
Tōkyō :
Daimeidō,
Shōwa 54 [1979]
|
| Subjects: | |
| Tags: |
Add Tag
No Tags, Be the first to tag this record!
|
| LEADER | 01321nam a2200349 a 4500 | ||
|---|---|---|---|
| 001 | 007747182-2 | ||
| 005 | 20024617115958.0 | ||
| 008 | 890711s1979 ja af b 000 0 jpn | ||
| 010 | |a 80804836 | ||
| 020 | |c Y2700 | ||
| 035 | 0 | |a ocm23314196 | |
| 040 | |a DLC |c MiU |d CU-I |d *YNH* |d CStRLIN | ||
| 041 | 0 | |a jpn |b eng | |
| 043 | |a a-ja--- | ||
| 050 | 0 | 0 | |a HB2321 |b O84 1979 |
| 100 | 1 | |6 880-01 |a Ōtomo, Atsushi. | |
| 245 | 1 | 0 | |6 880-02 |a Nihon toshi jinkō bunpu ron / |c Ōtomo Atsushi cho. |
| 246 | 3 | 1 | |a Geographical distribution of urban population in Japan |
| 260 | |6 880-03 |a Tōkyō : |b Daimeidō, |c Shōwa 54 [1979] | ||
| 300 | |a xii, 242 p., [1] fold. leaf of plates : |b ill. ; |c 22 cm. | ||
| 500 | |a Summary in English with caption title: Geographical distribution of urban population in Japan. | ||
| 500 | |6 880-04 |a A revision of the author's thesis, Tōhoku Daigaku. | ||
| 504 | |a Includes bibliographical references. | ||
| 650 | 0 | |a Residential mobility |z Japan. | |
| 650 | 0 | |a Cities and towns |z Japan |x Growth. | |
| 651 | 0 | |a Japan |x Population density. | |
| 880 | 1 | |6 100-01 |a 大友篤. | |
| 880 | 1 | 0 | |6 245-02 |a 日本都市人口分布論 / |c 大友篤著. |
| 880 | |6 260-03 |a 東京 : |b 大明堂, |c 昭和54 [1979] | ||
| 880 | |6 500-04 |a A revision of the author's thesis, 東北大学. | ||
| 988 | |a 20021214 | ||
| 906 | |0 DLC | ||


